De Washington a Reagan (Record no. 15543)

MARC details
000 -LEADER
campo de control de longitud fija 01095nmc a2200349 a 4500
003 - IDENTIFICADOR DE NÚMERO DE CONTROL
campo de control AR-BaBNM
005 - FECHA Y HORA DE LA ÚLTIMA TRANSACCIÓN
campo de control 20251128210447.0
008 - DATOS DE LONGITUD FIJA--INFORMACIÓN GENERAL
campo de control de longitud fija 250020s1990 ||||||||||||||000 | spa||
020 ## - NÚMERO INTERNACIONAL ESTÁNDAR DEL LIBRO
Número Internacional Estándar del Libro 950-99091-9-X
040 ## - FUENTE DE CATALOGACIÓN
Centro/agencia transcriptor AR-BaBNM
245 10 - MENCIÓN DEL TÍTULO
Título De Washington a Reagan
Resto del título trabajadores y conciencia de clase en los Estados Unidos
260 ## - PUBLICACIÓN, DISTRIBUCIÓN, ETC.
Lugar de publicación, distribución, etc. Buenos Aires
Nombre del editor, distribuidor, etc. Cántaro
Fecha de publicación, distribución, etc. 1990
300 0# - DESCRIPCIÓN FÍSICA
Extensión 384 p.
Otros detalles físicos tablas
490 #0 - MENCIÓN DE SERIE
Mención de serie Estudios socio-políticos
Designación de volumen o secuencia v. 5
504 ## - NOTA DE BIBLIOGRAFÍA, ETC.
Nota de bibliografía, etc. Nota Contiene bibliografía al final de cada capítulo
650 #4 - PUNTO DE ACCESO ADICIONAL DE MATERIA--TÉRMINO DE MATERIA
Término de materia o nombre geográfico como elemento de entrada MOVIMIENTO OBRERO
650 #4 - PUNTO DE ACCESO ADICIONAL DE MATERIA--TÉRMINO DE MATERIA
Término de materia o nombre geográfico como elemento de entrada DERECHOS SINDICALES
650 #4 - PUNTO DE ACCESO ADICIONAL DE MATERIA--TÉRMINO DE MATERIA
Término de materia o nombre geográfico como elemento de entrada SALARIOS
650 #4 - PUNTO DE ACCESO ADICIONAL DE MATERIA--TÉRMINO DE MATERIA
Término de materia o nombre geográfico como elemento de entrada REPRESENTACION DE LOS TRABAJADORES
650 #4 - PUNTO DE ACCESO ADICIONAL DE MATERIA--TÉRMINO DE MATERIA
Término de materia o nombre geográfico como elemento de entrada POLITICA LABORAL
650 #4 - PUNTO DE ACCESO ADICIONAL DE MATERIA--TÉRMINO DE MATERIA
Término de materia o nombre geográfico como elemento de entrada HISTORIA SINDICAL
650 #4 - PUNTO DE ACCESO ADICIONAL DE MATERIA--TÉRMINO DE MATERIA
Término de materia o nombre geográfico como elemento de entrada SINDICATOS
650 #4 - PUNTO DE ACCESO ADICIONAL DE MATERIA--TÉRMINO DE MATERIA
Término de materia o nombre geográfico como elemento de entrada HUELGA
651 #4 - PUNTO DE ACCESO ADICIONAL DE MATERIA--NOMBRE GEOGRÁFICO
Nombre geográfico Estados Unidos
700 1# - ENTRADA AGREGADA--NOMBRE PERSONAL
Nombre de persona Pozzi, Pablo A.
Término indicativo de función/relación compilador
700 1# - ENTRADA AGREGADA--NOMBRE PERSONAL
Nombre de persona Elisalde, Roberto Mario
Término indicativo de función/relación compilador
700 1# - ENTRADA AGREGADA--NOMBRE PERSONAL
Nombre de persona González Chiaramonte, Claudio
Término indicativo de función/relación compilador
700 1# - ENTRADA AGREGADA--NOMBRE PERSONAL
Nombre de persona Billorou, María José
Término indicativo de función/relación compilador
800 1# - PUNTO DE ACCESO ADICIONAL DE SERIE--NOMBRE DE PERSONA
Nombre de persona Cansanello, Carlos Oreste
Término indicativo de función/relación director
942 ## - ELEMENTOS DE ENTRADA SECUNDARIOS (KOHA)
Tipo de ítem Koha Libros
998 ## - INFORMACIÓN DE CONTROL LOCAL (RLIN)
Iniciales del catalogador, CIN (RLIN) Mariana
Holdings
Estatus retirado Estado de pérdida Fuente de la clasificación o esquema de estantería Estado de daño Restricciones de uso No para préstamo Biblioteca de origen Biblioteca actual Fecha de adquisición Total de préstamos Signatura topográfica completa Código de barras Visto por última vez Precio de reemplazo Tipo de ítem Koha
    Clasificación Decimal Dewey   Acceso restringido No para préstamo Liberty Liberty 28/11/2025   331 POZ 122168 28/11/2025 28/11/2025 Libros